Přímé zahraniční investice a regionální rozvoj
Salvato in:
| Autore principale: | |
|---|---|
| Ente Autore: | |
| Altri autori: | , , , , , , , , , , , , |
| Natura: | Libro |
| Lingua: | ceco slovacco |
| Pubblicazione: |
Praha
Vysoká škola ekonomická v Praze. Nakladatelství Oeconomica
2010
|
| Soggetti: | |
| Tags: |
Nessun Tag, puoi essere il primo ad aggiungerne!!
|
MARC
| LEADER | 00000nam a2200000 4500 | ||
|---|---|---|---|
| 001 | 0130069 | ||
| 005 | 20240502083324.4 | ||
| 020 | |a 978-80-245-1736-0 | ||
| 041 | 0 | |a cze | |
| 041 | 0 | |a slo | |
| 044 | |a CZ | ||
| 245 | 1 | 0 | |a Přímé zahraniční investice a regionální rozvoj |c René Wokoun, Jozef Tvrdoň a kolektiv |
| 264 | 1 | |a Praha |b Vysoká škola ekonomická v Praze. Nakladatelství Oeconomica |c 2010 | |
| 300 | |a 203 s. [13,5 AH] | ||
| 610 | 2 | 0 | |a rozvoj regionálny |
| 610 | 2 | 0 | |a investície priame zahraničné |
| 610 | 2 | 0 | |a firmy |
| 610 | 2 | 0 | |a lokalizácia |
| 610 | 2 | 0 | |a priemysel |
| 610 | 2 | 0 | |a zóny |
| 610 | 2 | 0 | |a hospodárstvo národné |
| 610 | 2 | 0 | |a ruch cestovný |
| 610 | 2 | 0 | |a politika regionálna |
| 610 | 2 | 0 | |a Česko |
| 610 | 2 | 0 | |a Slovensko |
| 100 | 1 | |a Wokoun, René | |
| 700 | 1 | |a Tvrdoň, Jozef | |
| 700 | 1 | |a Damborský, Milan | |
| 700 | 1 | |a Dobrá, Soňa | |
| 700 | 1 | |a Kouřilová, Jana | |
| 700 | 1 | |a Květoň, Viktor | |
| 700 | 1 | |a Mišúnová, Ema | |
| 700 | 1 | |a Pástor, Rudolf | |
| 700 | 1 | |a Pělucha, Martin | |
| 700 | 1 | |a Šipikal, Miroslav, 1976- | |
| 700 | 1 | |a Vlčková, Viera | |
| 700 | 1 | |a Weingärtnerová, Markéta | |
| 700 | 1 | |a Kadeřábková, Božena | |
| 700 | 1 | |a Vystoupil, Jiří | |
| 710 | 2 | |a Vysoká škola ekonomická v Praze | |